Statistics for Nations where new born boys are most likely to reach 65 years of age

Click here to take the quiz!

General Stats

  • This quiz has been taken 29 times
  • The average score is 7 of 10

Answer Stats

Predicted survival rate(%)Answer% Correct
90Sweden
92%
90Iceland
81%
89Netherlands
73%
89Italy
69%
89Luxembourg
69%
89Switzerland
69%
89Liechtenstein
65%
90Andorra
58%
89Malta
50%
89Singapore
46%

Score Distribution

Percentile by Number Answered

Percent of People with Each Score

Your Score History

You have not taken this quiz